000 00383nam a22001697a 4500
005 20180613142457.0
008 160620b xxu||||| |||| 00| 0 eng d
020 _a81-203-1447-7
041 _aeng
082 _b8485
_a657
100 _aNarayanaswamy, R
_9487
245 _aFinancial Accounting
260 _bPHI
_c2000
300 _a530
650 _aManagement
_9241
942 _cBK
999 _c3248
_d3247